000 00541cam a2200229 4500
008 090401t1987 xxu||||| |||| 00| 0 eng d
020 _a0854063374
035 _a(Sirsi) u44088
041 _aeng
050 _a726.7
090 _aRICS 1987/62 ABCD
100 _aAnstey, John
245 _aAnstey`s abbeys
260 _aLondon
_bSurveyors Publications
_c1987
300 _a120p. ; 25cm.
350 _a9.95
650 _aARCHITECTURE
650 _aCHURCHES
650 _aHISTORIC BUILDINGS
942 _n0
948 _c04/03/1997
999 _c91435
_d91435